Loading...

സ്നേഹിതനേ,സ്‌നേഹിതനേ

Bibliographic Details
Main Author: രേഖ,കെ
Other Authors: Rekha, K.
Format: Printed Book
Published: Kottayam Current Books 2006
Subjects:
LEADER 00546cam a2200169ua 4500
020 |a 81-240-1615-1 
082 |a M928  |b REK/S 
100 0 |a രേഖ,കെ  
245 1 0 |a സ്നേഹിതനേ,സ്‌നേഹിതനേ  
260 |a Kottayam  |b Current Books  |c 2006 
300 |a 71p. 
650 0 |a Snehithane, snehithane  
650 0 |a Memoirs - Malayalam literature 
700 |a Rekha, K. 
942 |c BK 
999 |c 15927  |d 15927 
952 |0 0  |1 0  |4 0  |6 M_928_000000000000000_REKS  |7 0  |9 16603  |a KUCL  |b KUCL  |d 2014-05-23  |l 0  |o M928 REK/S  |p 18086  |r 2014-05-23  |y BK